000 01059nam a22002657a 4500
005 20240530110621.0
008 161220s2014 ua af f b 000 0 ara d
017 _a2013/15035
_bمصر. دار الكتب
020 _a9789777350396
040 _aEG-CaGPL
_cEG-CaGPL
082 0 4 _221
_a723.3\
_bك آ
100 0 _aكمال عنانى اسماعيل .
245 1 2 _aالاثار الاسلامية فى الاندلس /
_cاعداد كمال عنانى اسماعيل .
250 _aط.1
260 _aالاسكندرية :
_bدار الوفاء لدنيا الطباعة و النشر ،
_c2014 .
300 _a1035 ص :
_bلوحات ؛
_c24 سم .
504 _aببليوجرافية : ص 685 - 702
650 0 7 _2qrmak
_aالاثار الاسلامية .
650 0 7 _2qrmak
_aالعمارة الحربية .
650 0 7 _2qrmak
_aالمساجد
_zالاندلس .
650 0 7 _2qrmak
_aالاثار الاسلامية
_zالاندلس .
651 0 7 _2qrmak
_aطليطلة .
942 _2ddc
_cBK
999 _c63058
_d63058